[Event "Helsingor Xtracon op"]
[Site "Helsingor"]
[Date "2019.07.28"]
[Round "10"]
[White "Storme, Joel"]
[Black "Huse, Lars Paul"]
[Result "1-0"]
[WhiteElo "1448"]
[BlackElo "1124"]
[PlyCount "93"]
[EventDate "2019.07.20"]
[EventType "swiss"]
[EventRounds "10"]
[EventCountry "DEN"]
[SourceTitle "CBM 191 Extra"]
[Source "ChessBase"]
[SourceDate "2019.09.30"]
[SourceVersion "1"]
[SourceVersionDate "2019.09.30"]
[SourceQuality "1"]

1. e4 e6 2. d4 d5 3. e5 Nc6 4. Nf3 f6 5. exf6 Nxf6 6. Bg5 Be7 7. c3 0-0 8. Bb5 Bd7 9. Qe2 Ne4 10. Bxe7 Qxe7 11. Bxc6 Bxc6 12. 0-0 a6 13. b3 Nd6 14. Re1 Rf6 15. a4 h6 16. Ne5 Be8 17. Nd2 Bg6 18. Qg4 Bf5 19. Qh4 Nf7 20. Nxf7 Qxf7 21. Nf3 g5 22. Qg3 Be4 23. Ne5 Qg7 24. Re3 Raf8 25. f3 Bg6 26. Rae1 Re8 27. Ng4 Ref8 28. Rxe6 Rxe6 29. Rxe6 Bf5 30. Re5 Bxg4 31. Qxg4 c6 32. Qe6+ Kh8 33. Qd6 Rf7 34. Re8+ Kh7 35. Re6 Rf4 36. Re7 Rf7 37. Rxf7 Qxf7 38. Qe5 Qg7 39. Qxg7+ Kxg7 40. Kf2 Kf6 41. Kg3 Kf5 42. a5 h5 43. h4 gxh4+ 44. Kxh4 Kg6 45. f4 Kf5 46. Kxh5 Kxf4 47. g4 1-0